Understanding and capturing the multiple values of tropical forest : (Registro nro. 3299)

Detalles MARC
000 -CABECERA
Campo de control 00974nam a2200241 a 4500
005 - FECHA Y HORA DE LA ULTIMA TRANSACCION
Campo de control 20171010151641.0
008 - ELEMENTOS DE LONGITUD FIJA—INFORMACION GENERAL
Campo de control 140310b2002 ne d||||r|||| 00| 0 eng d
020 ## - ISBN
ISBN 9051130643
040 ## - FUENTE DE CATALOGACIÓN
Agencia catalogadora original CO-BoIAVH
Agencia transcriptora CO-BoIAVH
041 0# - IDIOMA
Código de idioma para texto/pista de sonido o título separado Inglés
044 ## - PAÍS DE PUBLICACIÓN
País de publicación Holanda
082 04 - NUMERO DE CLASIFICACION DECIMAL DEWEY
Número de clasificación 333.75
Número del ítem U55c
245 00 - MENCION DE TITULO
Título Understanding and capturing the multiple values of tropical forest :
Parte restante del título proceedings of the international seminar on valuation and innovative financing mechanisms in support of conservation and sustainable management of tropical forest
260 ## - PUBLICACION, DISTRIBUCION, ETC. (PIE DE IMPRENTA)
Lugar de publicación, distribución, etc. Wageningen (Holanda) :
Nombre del editor, distribuidor, etc. Tropenbos International,
Fecha de publicación, distribución, etc. 2002.
300 ## - DESCRIPCION FISICA
Extensión 140 páginas :
Otros detalles físicos gráficas ;
Dimensiones 30 x 21 cm.
650 26 - ASIENTO SECUNDARIO DE MATERIA - TERMINO TEMATICO
Término temático o nombre geográfico como elemento de entrada Bosques tropicales
9 (RLIN) 86126
650 26 - ASIENTO SECUNDARIO DE MATERIA - TERMINO TEMATICO
Término temático o nombre geográfico como elemento de entrada Medio ambiente
Subdivisión de forma Evaluación
9 (RLIN) 86127
650 24 - ASIENTO SECUNDARIO DE MATERIA - TERMINO TEMATICO
Término temático o nombre geográfico como elemento de entrada Servicios ambientales
9 (RLIN) 86128
650 26 - ASIENTO SECUNDARIO DE MATERIA - TERMINO TEMATICO
Término temático o nombre geográfico como elemento de entrada Ordenación forestal
9 (RLIN) 86129
650 26 - ASIENTO SECUNDARIO DE MATERIA - TERMINO TEMATICO
Término temático o nombre geográfico como elemento de entrada Recursos forestales
Subdivisión general Conservación
-- Incentivos
9 (RLIN) 86130
700 1# - ASIENTO SECUNDARIO - NOMBRE PERSONAL
Nombre personal Verweij, Pita
Término de relación editora
9 (RLIN) 19435
942 ## - ELEMENTOS ADICIONALES (KOHA)
Tipo de ítem Libro
Sistema de clasificación Dewey Decimal Classification
Existencias
Withdrawn status Lost status Sistema de Clasificación Damaged status No para préstamo Colección Inventariado Ubicación Permanente Ubicación actual Fecha de adquisición Fuente de Valor Total Checkouts Número topográfico Inventario / Código de Barras Date last seen Ejemplar Price effective from Forma de adquisición Tipo de material
    Dewey Decimal Classification     General Inventariado 2017 Sala Fabio Quevedo Sala Fabio Quevedo 07/05/2003 Biocomercio   LB-333.75 U55c 005280 04/12/2012 Ej. 1 04/12/2012 Donación Libro